Дело о пожаловании советника Псковского губернского правления Неклюдова в звание камер-юнкера

Доступно только в Электронных читальных залах Найти на картеНа карте
RUSMARC
00003680nmc2a22000003x 450
001541c2959-a94d-4e10-873d-7d67d977b63c
00520180521200837.0
100##$a20160510l18441845k l0rusy0189 ca
1010#$arus
102##$aRU
2001#$aДело о пожаловании советника Псковского губернского правления Неклюдова в звание камер-юнкера
$j10 января 1844 г. - 12 марта 1845 г.
251##$cДело
300##$aДело
801#0$aRU
$bРГИА
$c20160510
$gRCR
801#1$aRU
$bГлавНИВЦ
$c20160510
$2rusmarc
801#2$aRU
$bПБ им. Б.Н. Ельцина
$c20180521
$gRCR
$2rusmarc
850##$aРГИА
852##$aРГИА
$eФедеральное казенное учреждение "Российский государственный исторический архив" (РГИА)
$j192
937##$hРГИА
$d12200667
$aASBIBLIO_SCAN
462#0$1001dc1641a5-18cf-44db-9146-52cce5d74d5e
$12001
$a1844-1845 гг. Дела Департамента полиции исполнительной МВД за 1844 г.
$1251
$cОпись
$1852
$j9
461#0$10013e300ed0-cd39-49af-8489-5ba5b90fa401
$12001
$aДепартамент полиции исполнительной МВД
$1251
$cФонд
$1852
$j1286
215##$a9 л.
$d36,5х26 см
371##$aДокумент не является опубликованным и широко распространяемым
105##$ay###
1222#$ad
035##$a541c2959-a94d-4e10-873d-7d67d977b63c
856##$uhttp://readingroom.main.prlib.ru/item.aspx?id_node=n115000372&mode=full
Формат отображения